|
|
|
|
| LEADER |
00000nam a22000005a 4500 |
| 001 |
vtls010499232 |
| 003 |
SK-MaSNL |
| 005 |
20260331205949.0 |
| 008 |
160430s2013 xo o c 000 0 slo |
| 015 |
|
|
|a SNBE2013
|
| 020 |
|
|
|a 9788097103842 (brož.)
|
| 040 |
|
|
|a SNK
|b slo
|c SNK
|e AACR2
|
| 041 |
0 |
|
|a slo
|
| 044 |
|
|
|a xo
|c SK
|
| 072 |
|
7 |
|a 77
|x Fotografia. Fotografické postupy
|2 konspekt
|
| 080 |
|
|
|a 77.04-051
|2 2001
|
| 080 |
|
|
|a (437.6)
|2 2001
|
| 080 |
|
|
|a (083.824)
|2 2001
|
| 100 |
1 |
|
|a Horečný, Jaroslav
|4 pht
|4 bkd
|9 319448
|
| 245 |
1 |
0 |
|a Jaroslav Horečný. Fotografické kompozície
|c autori textov: Marián Pauer, Milan Mazúr ; fotografie a grafická úprava: Jaroslav Horečný
|
| 246 |
3 |
0 |
|a Fotografické kompozície
|
| 250 |
|
|
|a 1. vyd.
|
| 260 |
|
|
|a Žilina
|b Výtvarná agentúra A1
|c 2013
|
| 300 |
|
|
|a 29 s.
|b fotogr.
|c 22 cm
|
| 600 |
1 |
7 |
|a Horečný, Jaroslav
|2 SNKPH
|9 319448
|
| 648 |
|
7 |
|a 20.-21. stor.
|2 SNKPH
|9 270701
|
| 648 |
|
7 |
|a 20th-21th centuries
|2 SNKPHeng
|9 316319
|
| 650 |
0 |
7 |
|a umelecká fotografia
|2 SNKPHbucl
|9 29370
|
| 650 |
0 |
7 |
|a Artistic photography
|2 SNKPHeng
|9 311568
|
| 651 |
|
7 |
|a Slovensko
|2 SNKPH
|9 14231
|
| 651 |
|
7 |
|a Slovakia
|2 SNKPHeng
|9 92630
|
| 655 |
|
7 |
|a katalógy výstav
|2 SNKPH
|9 70445
|
| 655 |
|
7 |
|a Exhibition catalogs
|2 SNKPHeng
|9 266232
|
| 700 |
1 |
|
|a Pauer, Marián
|4 aut
|9 290055
|
| 700 |
1 |
|
|a Mazúr, Milan,
|d 1954-
|4 aut
|9 212081
|
| 919 |
|
|
|a 978-80-971038-4-2
|
| 999 |
|
|
|c 595410
|d 597340
|
| 952 |
|
|
|a SNK
|b SNK
|y PREZ
|7 0
|p 17A1066031
|o snkOSC 26441
|i snk2013/6990
|8 0
|0 0
|1 0
|4 0
|d 2013-03-25
|l 0
|r 2026-02-23 15:37:17
|w 2026-02-23
|
| 952 |
|
|
|a SNK
|b SNK
|y VYP
|7 0
|p 17A1066032
|o snkOSC 26441 D1
|i snk2013/6992
|8 0
|0 0
|1 0
|4 0
|d 2013-03-25
|l 0
|r 2026-02-23 15:37:17
|w 2026-02-23
|